| 000 | 00805nam a2200253 i 4500 | ||
|---|---|---|---|
| 001 | 190600 | ||
| 003 | ES-MaACL | ||
| 005 | 20250111062533.0 | ||
| 008 | 220112s2020 sp 001 f spa | ||
| 020 | _a978-84-339-9896-5 | ||
| 080 | _a821.134.2-31"19" | ||
| 100 | 1 |
_aSanz, Marta. _9103591 |
|
| 245 | 1 | 0 |
_aPequeñas mujeres rojas / _cMarta Sanz. |
| 250 | _a1ª ed. | ||
| 260 |
_aBarcelona : _bAnagrama, _c2020. |
||
| 300 |
_a340 p. ; _c22 cm. |
||
| 490 | 1 |
_aNarrativas hispánicas ; _v642 |
|
| 830 | 1 | 0 |
_aNarrativas hispánicas (Anagrama) _v642 _9178124 |
| 852 | 4 |
_aES-MaACL _jA-14862 _9197778 _bR.153041 _cDEPO1 _dOlim: N-7862 _hDonación: Roberta Ann Quance |
|
| 903 |
_994482 _aQuance, Roberta Ann _ednr |
||
| 942 |
_2udc _cMONOGRAFIA |
||
| 999 |
_c190600 _d190600 |
||